[Event "GER-chT U16"]
[Site "Magdeburg"]
[Date "2023.12.27"]
[Round "1.4"]
[White "Danninger, Hugo Kian"]
[Black "Andrei, Quentin"]
[Result "1-0"]
[WhiteElo "1787"]
[BlackElo "1550"]
[PlyCount "103"]
[EventDate "2023.12.26"]
[EventType "team-swiss"]
[EventRounds "7"]
[EventCountry "GER"]
[SourceTitle "CB03_2024"]
[SourceDate "2024.01.17"]
[SourceVersion "1"]
[SourceVersionDate "2024.01.17"]
[SourceQuality "1"]
[WhiteTeam "Nuernberg Noris Tarrasch"]
[BlackTeam "Bebenhausen"]
[WhiteTeamCountry "GER"]
[BlackTeamCountry "GER"]

1. e4 c5 2. Nf3 d6 3. d4 cxd4 4. Nxd4 Nf6 5. Nc3 a6 6. Be2 e5 7. Nb3 Be7 8. Be3 Be6 9. Qd2 Nbd7 10. 0-0-0 Rc8 11. f3 b5 12. g4 0-0 13. g5 Nh5 14. Nd5 Bxd5 15. exd5 Nb6 16. Rhg1 Nc4 17. Bxc4 bxc4 18. Na1 c3 19. bxc3 Qa5 20. Kb2 Rc4 21. Nb3 Qb5 22. Rg4 Nf4 23. Bxf4 exf4 24. Qe2 Rc7 25. Qxb5 axb5 26. Nd4 Rb7 27. h4 b4 28. Rxf4 bxc3+ 29. Kxc3 f6 30. Re1 fxg5 31. Rxf8+ Bxf8 32. hxg5 Ra7 33. Ra1 Be7 34. f4 Ra5 35. Nc6 Rc5+ 36. Kd4 Kf7 37. c4 h6 38. Re1 Bf8 39. a4 g6 40. a5 Bg7+ 41. Kd3 Rxa5 42. Nxa5 hxg5 43. fxg5 Be5 44. c5 Ke7 45. Nc6+ Kd7 46. Nxe5+ dxe5 47. Rxe5 Kc7 48. Re7+ Kd8 49. d6 Kc8 50. c6 Kd8 51. Re6 Kc8 52. Re8# 1-0

[Event "Mittelfrank Regionalliga Nord-Ost 2223"]
[Site "Mittelfranken"]
[Date "2022.10.09"]
[Round "1.6"]
[White "Novak, Jindrich"]
[Black "Danninger, Hugo Kian"]
[Result "1-0"]
[WhiteElo "2048"]
[BlackElo "1950"]
[PlyCount "91"]
[EventDate "2022.10.09"]
[EventType "team-tourn"]
[EventRounds "9"]
[EventCountry "GER"]
[SourceTitle "EXT 2024"]
[Source "ChessBase"]
[SourceDate "2023.10.10"]
[SourceVersion "1"]
[SourceVersionDate "2023.10.10"]
[SourceQuality "1"]
[WhiteTeam "Windischeschenbach"]
[BlackTeam "Nuernberg Noris Tarrasch III"]
[WhiteTeamCountry "GER"]
[BlackTeamCountry "GER"]

1. d4 e6 2. Nf3 d5 3. c4 Nf6 4. Nc3 Be7 5. Bf4 0-0 6. e3 c6 7. Rc1 Nbd7 8. a3 Nh5 9. Bg3 Nxg3 10. hxg3 Nf6 11. Bd3 a6 12. Ne5 g6 13. c5 Nd7 14. Nxd7 Bxd7 15. b4 Bf6 16. f4 Bg7 17. Na4 Qe8 18. Nb6 Rd8 19. Nxd7 Rxd7 20. Qg4 Bh8 21. Kd2 f6 22. Rh2 e5 23. f5 g5 24. Rch1 Rff7 25. Rh6 Qb8 26. Qh3 Qc7 27. Rg6+ Kf8 28. Qh6+ Ke7 29. Rg8 Rd8 30. Rxd8 Kxd8 31. Qh5 Ke7 32. e4 dxe4 33. Bc4 Rg7 34. Qg4 Kf8 35. Be6 exd4 36. Re1 e3+ 37. Kd3 Re7 38. Qxd4 Re8 39. Qd6+ Qxd6+ 40. cxd6 Rd8 41. d7 Ke7 42. Rh1 Bg7 43. Rxh7 Kf8 44. Kxe3 b6 45. a4 Rb8 46. Kd3 1-0

[Event "Mittelfrank Regionalliga Nord-Ost 2122"]
[Site "Mittelfranken"]
[Date "2022.05.08"]
[Round "8.5"]
[White "Vasilache, Catalin"]
[Black "Danninger, Hugo Kian"]
[Result "1-0"]
[WhiteElo "1900"]
[BlackElo "1850"]
[PlyCount "45"]
[EventDate "2021.10.24"]
[EventType "team-tourn"]
[EventRounds "9"]
[EventCountry "GER"]
[SourceTitle "EXT 2024"]
[Source "ChessBase"]
[SourceDate "2023.10.10"]
[SourceVersion "1"]
[SourceVersionDate "2023.10.10"]
[SourceQuality "1"]
[WhiteTeam "Buechenbach/Roth"]
[BlackTeam "Nuernberg Noris Tarrasch III"]
[WhiteTeamCountry "GER"]
[BlackTeamCountry "GER"]

1. d4 e6 2. Nf3 Nf6 3. c4 d5 4. Bg5 Be7 5. e3 h6 6. Bh4 0-0 7. Nc3 b6 8. Bd3 Bb7 9. 0-0 Nbd7 10. Rc1 c6 11. Qe2 dxc4 12. Bxc4 b5 13. Bd3 a6 14. Rfd1 Qa5 15. a3 b4 16. axb4 Qxb4 17. e4 Rfe8 18. e5 Nd5 19. Qe4 g6 20. Bxe7 Nxe7 21. Qf4 Kg7 22. Ne4 Nd5 23. Qg3 1-0

[Event "Mittelfrank Regionalliga Nord-Ost 2122"]
[Site "Mittelfranken"]
[Date "2022.04.03"]
[Round "7.5"]
[White "Danninger, Hugo Kian"]
[Black "Strobel, Norbert"]
[Result "1/2-1/2"]
[WhiteElo "1850"]
[BlackElo "1973"]
[PlyCount "68"]
[EventDate "2021.10.24"]
[EventType "team-tourn"]
[EventRounds "9"]
[EventCountry "GER"]
[SourceTitle "EXT 2024"]
[Source "ChessBase"]
[SourceDate "2023.10.10"]
[SourceVersion "1"]
[SourceVersionDate "2023.10.10"]
[SourceQuality "1"]
[WhiteTeam "Nuernberg Noris Tarrasch III"]
[BlackTeam "Fuerth SG"]
[WhiteTeamCountry "GER"]
[BlackTeamCountry "GER"]

1. e4 c6 2. d4 d5 3. exd5 cxd5 4. Bd3 Nc6 5. c3 a6 6. Nf3 Bg4 7. 0-0 e6 8. Bf4 Bd6 9. Bxd6 Qxd6 10. Nbd2 Nf6 11. Re1 0-0 12. h3 Bh5 13. Qb1 Bg6 14. Ne5 Bxd3 15. Qxd3 b5 16. Nb3 Ne4 17. f3 Nxe5 18. dxe5 Qb6+ 19. Qd4 Qxd4+ 20. cxd4 Ng3 21. Kf2 Nf5 22. g4 Ne7 23. Nc5 Rfc8 24. Rec1 Rc7 25. a4 bxa4 26. Rxa4 g6 27. Rca1 Nc6 28. Nxa6 Rb7 29. R1a2 Rb3 30. Kg3 Rd3 31. Nb4 Rxa4 32. Rxa4 Nxb4 33. Rxb4 Kg7 34. Kf2 Rd2+ 1/2-1/2

[Event "Mittelfrank Regionalliga Nord-Ost 2122"]
[Site "Mittelfranken"]
[Date "2022.03.13"]
[Round "6.5"]
[White "Liemann, Michael"]
[Black "Danninger, Hugo Kian"]
[Result "0-1"]
[WhiteElo "2000"]
[BlackElo "1850"]
[PlyCount "70"]
[EventDate "2021.10.24"]
[EventType "team-tourn"]
[EventRounds "9"]
[EventCountry "GER"]
[SourceTitle "EXT 2024"]
[Source "ChessBase"]
[SourceDate "2023.10.10"]
[SourceVersion "1"]
[SourceVersionDate "2023.10.10"]
[SourceQuality "1"]
[WhiteTeam "Forchheim SC"]
[BlackTeam "Nuernberg Noris Tarrasch III"]
[WhiteTeamCountry "GER"]
[BlackTeamCountry "GER"]

1. e4 e6 2. d4 d5 3. e5 c5 4. c3 Qb6 5. Nf3 Nc6 6. Be2 Nge7 7. Na3 cxd4 8. cxd4 Nf5 9. Nc2 Bb4+ 10. Kf1 Be7 11. b4 Bd7 12. g3 Nxb4 13. Nxb4 Qxb4 14. a4 Qa5 15. Kg2 Bb4 16. Bb2 Rc8 17. Qb3 0-0 18. Bd3 Ne7 19. Ba3 Bxa3 20. Rxa3 Rc7 21. Qb1 h6 22. Rb3 Rb8 23. Bb5 a6 24. Bxd7 Rxd7 25. Rc1 Rc7 26. Rxc7 Qxc7 27. Qb2 Nc6 28. Rc3 Qd8 29. Rc5 Na5 30. Qb4 Nc4 31. Nd2 b6 32. Rc6 Qd7 33. Rxc4 dxc4 34. Qxc4 Qd5+ 35. Qxd5 exd5 0-1

[Event "Mittelfrank Regionalliga Nord-Ost 2122"]
[Site "Mittelfranken"]
[Date "2021.11.14"]
[Round "2.4"]
[White "Danninger, Hugo Kian"]
[Black "Roeder, Gerd"]
[Result "0-1"]
[WhiteElo "1850"]
[BlackElo "1976"]
[PlyCount "62"]
[EventDate "2021.10.24"]
[EventType "team-tourn"]
[EventRounds "9"]
[EventCountry "GER"]
[SourceTitle "EXT 2024"]
[Source "ChessBase"]
[SourceDate "2023.10.10"]
[SourceVersion "1"]
[SourceVersionDate "2023.10.10"]
[SourceQuality "1"]
[WhiteTeam "Nuernberg Noris Tarrasch III"]
[BlackTeam "Altensittenbach"]
[WhiteTeamCountry "GER"]
[BlackTeamCountry "GER"]

1. e4 c5 2. Nf3 Nc6 3. d4 cxd4 4. Nxd4 Nf6 5. Nc3 e5 6. Nb3 Bb4 7. Bg5 Bxc3+ 8. bxc3 h6 9. Bxf6 Qxf6 10. Be2 0-0 11. 0-0 d6 12. Rb1 Qe7 13. Bg4 Bxg4 14. Qxg4 Qe6 15. Qxe6 fxe6 16. Nd2 b6 17. Rfe1 Kf7 18. Re3 Ke7 19. Rd1 Na5 20. h4 Rac8 21. Rde1 Nc4 22. Nxc4 Rxc4 23. Rg3 Rf7 24. Rge3 Ra4 25. Ra1 Rf4 26. f3 Rxh4 27. Rd3 Rf4 28. Rad1 Rxa2 29. Rxd6 Rf8 30. Rd7+ Kf6 31. Rc7 Rf7 0-1

[Event "GER-ch U14"]
[Site "Willingen"]
[Date "2021.08.23"]
[Round "1"]
[White "Heinrich, John"]
[Black "Danninger, Hugo Kian"]
[Result "1-0"]
[WhiteElo "1911"]
[BlackElo "1749"]
[PlyCount "139"]
[EventDate "2021.08.22"]
[EventType "swiss"]
[EventRounds "9"]
[EventCountry "GER"]
[SourceTitle "EXT 2022"]
[Source "ChessBase"]
[SourceDate "2021.10.06"]
[SourceVersion "1"]
[SourceVersionDate "2021.10.06"]
[SourceQuality "1"]

1. e4 e6 2. d4 d5 3. Nd2 Nf6 4. e5 Nfd7 5. f4 c5 6. c3 Nc6 7. Ndf3 Qb6 8. a3 Qa5 9. dxc5 Qxc5 10. Bd3 Nb6 11. Ne2 Bd7 12. b4 Qe7 13. 0-0 Qd8 14. Ng3 Qc7 15. Ng5 Be7 16. Qg4 g6 17. Be3 h5 18. Qf3 Bxg5 19. fxg5 0-0-0 20. Bf4 Kb8 21. a4 Ne7 22. Be3 Rhf8 23. Bc5 Bc6 24. Bd6 Rxd6 25. exd6 Qxd6 26. b5 Bd7 27. Kh1 Qe5 28. a5 Nbc8 29. Qf4 Qxf4 30. Rxf4 Nd6 31. b6 Rc8 32. bxa7+ Kxa7 33. Ne2 Nef5 34. Rb4 Ne3 35. Rab1 Nec4 36. Bxc4 Rxc4 37. Kg1 e5 38. h4 Bf5 39. R1b2 Bd3 40. Nc1 Bf5 41. Rb6 Rc6 42. Rxc6 bxc6 43. Nb3 Ne4 44. Nd2 Nd6 45. Kf2 Bd3 46. Ra2 Bf5 47. Rb2 Bd3 48. Rb4 Bb5 49. Nf3 Nc4 50. Rxc4 Bxc4 51. Nxe5 Bb5 52. Nxf7 c5 53. Ne5 Be8 54. Nd3 Ka6 55. Nxc5+ Kxa5 56. Ke3 Kb5 57. Kd4 Kc6 58. Nd3 Kd6 59. Nf4 Bf7 60. g3 Kc6 61. Ke5 Kc5 62. Kf6 Be8 63. Nxg6 Bxg6 64. Kxg6 Kc4 65. Kh6 Kxc3 66. g6 d4 67. g7 d3 68. g8Q d2 69. Qd5 Kc2 70. Qxd2+ 1-0

[Event "Nuremberg Zabo op 20th"]
[Site "Nuremberg"]
[Date "2018.09.19"]
[Round "5"]
[White "Danninger, Hugo Kian"]
[Black "Ruderer, Thomas"]
[Result "1-0"]
[WhiteElo "1537"]
[BlackElo "1674"]
[PlyCount "62"]
[EventDate "2018.09.15"]
[EventType "swiss"]
[EventRounds "5"]
[EventCountry "GER"]
[SourceTitle "EXT 2020"]
[Source "ChessBase"]
[SourceDate "2019.10.17"]
[SourceVersion "1"]
[SourceVersionDate "2019.10.17"]
[SourceQuality "1"]

1. e4 d6 2. Bc4 Nf6 3. d3 g6 4. Nc3 Bg7 5. Nf3 Bg4 6. h3 Bxf3 7. Qxf3 Nbd7 8. d4 e5 9. Be3 c6 10. g4 Qe7 11. 0-0-0 0-0-0 12. g5 Nh5 13. Qxf7 Qxf7 14. Bxf7 Kc7 15. d5 Nb6 16. dxc6 bxc6 17. Rd3 Rhf8 18. Be6 Nf4 19. Bxf4 Rxf4 20. f3 Rff8 21. b4 a6 22. a4 Rfe8 23. Bb3 Bf8 24. b5 axb5 25. axb5 c5 26. Nd5+ Nxd5 27. Bxd5 Kb6 28. Kd2 Re7 29. Ra1 Ra7 30. Rxa7 Kxa7 31. Ra3+ Kb8 1-0

[Event "Nuremberg Zabo op 19th"]
[Site "Nuremberg"]
[Date "2017.09.17"]
[Round "5"]
[White "Meyer, Nico"]
[Black "Danninger, Hugo Kian"]
[Result "1/2-1/2"]
[WhiteElo "1654"]
[BlackElo "1414"]
[PlyCount "21"]
[EventDate "2017.09.15"]
[EventType "swiss"]
[EventRounds "5"]
[EventCountry "GER"]
[SourceTitle "EXT 2022"]
[Source "ChessBase"]
[SourceDate "2021.10.06"]
[SourceVersion "1"]
[SourceVersionDate "2021.10.06"]
[SourceQuality "1"]

1. e4 e6 2. d4 d5 3. exd5 exd5 4. Bd3 Bd6 5. Ne2 Nf6 6. Bf4 c6 7. 0-0 h6 8. Nd2 0-0 9. c3 Re8 10. Bg3 Bg4 11. f3 1/2-1/2

[Event "Nuremberg Zabo op 19th"]
[Site "Nuremberg"]
[Date "2017.09.17"]
[Round "4"]
[White "Mueller, Ludwig"]
[Black "Danninger, Hugo Kian"]
[Result "0-1"]
[WhiteElo "1631"]
[BlackElo "1414"]
[PlyCount "90"]
[EventDate "2017.09.15"]
[EventType "swiss"]
[EventRounds "5"]
[EventCountry "GER"]
[SourceTitle "EXT 2022"]
[Source "ChessBase"]
[SourceDate "2021.10.06"]
[SourceVersion "1"]
[SourceVersionDate "2021.10.06"]
[SourceQuality "1"]

1. e4 e6 2. d4 d5 3. Nd2 Nf6 4. e5 Nfd7 5. f4 c5 6. c3 cxd4 7. cxd4 Nc6 8. Nb3 f6 9. Nf3 fxe5 10. fxe5 Bb4+ 11. Bd2 Be7 12. Be2 Rf8 13. 0-0 Nb6 14. Qc2 g6 15. a3 Bd7 16. Nc5 Qc7 17. b4 a5 18. Nxd7 Kxd7 19. b5 Na7 20. Qxc7+ Kxc7 21. a4 Nac8 22. Bg5 Rxf3 23. Rfc1+ Kd7 24. Bxe7 Re3 25. Kf2 Rxe2+ 26. Kxe2 Nxe7 27. g4 Ng8 28. Rf1 Ke7 29. Rf3 Rf8 30. Rh3 h6 31. g5 h5 32. Rf1 Rxf1 33. Kxf1 Ke8 34. Rf3 Nd7 35. Rc3 Kd8 36. Rf3 Ne7 37. Rf7 Nf5 38. Rh7 b6 39. Rh8+ Ke7 40. Rh7+ Ke8 41. Rh8+ Nf8 42. Ke2 Nxd4+ 43. Ke3 Nf5+ 44. Kd3 Kf7 45. Rxf8+ Kxf8 0-1

[Event "Nuremberg Zabo op 19th"]
[Site "Nuremberg"]
[Date "2017.09.16"]
[Round "2"]
[White "Meyer, Robert"]
[Black "Danninger, Hugo Kian"]
[Result "1-0"]
[WhiteElo "1646"]
[BlackElo "1414"]
[PlyCount "113"]
[EventDate "2017.09.15"]
[EventType "swiss"]
[EventRounds "5"]
[EventCountry "GER"]
[SourceTitle "EXT 2022"]
[Source "ChessBase"]
[SourceDate "2021.10.06"]
[SourceVersion "1"]
[SourceVersionDate "2021.10.06"]
[SourceQuality "1"]

1. Nf3 Nf6 2. d4 e6 3. e3 d5 4. c4 Nc6 5. Nc3 Bb4 6. a3 Bxc3+ 7. bxc3 a5 8. a4 Qe7 9. Ba3 Qd7 10. Qc2 b6 11. c5 Ba6 12. Bb5 Bxb5 13. axb5 Na7 14. c6 Qd8 15. Qd3 Ne4 16. 0-0 f6 17. Rab1 Nd6 18. Nd2 Nf7 19. f4 Nc8 20. c4 Ncd6 21. c5 bxc5 22. dxc5 Nc8 23. Nf3 e5 24. fxe5 fxe5 25. Qf5 Ne7 26. Qe6 Qc8 27. Qxc8+ Rxc8 28. Bb2 e4 29. Ne5 Nxe5 30. Bxe5 Ng6 31. Bxg7 Rg8 32. Bc3 Ke7 33. Bxa5 Nh4 34. Rb2 Ke6 35. Kh1 Nf5 36. Bd2 d4 37. exd4 Nxd4 38. Bc3 Rcd8 39. Ba5 Rg7 40. Re1 Kd5 41. b6 cxb6 42. Bxb6 Rf8 43. h3 Ra8 44. c7 Kc6 45. Rxe4 Nb5 46. Re6+ Kd7 47. Ree2 Nxc7 48. Rbd2+ Kc6 49. Rd6+ Kb7 50. Rb2 Ra1+ 51. Kh2 Kc8 52. c6 Rg6 53. Rxg6 hxg6 54. Rf2 Re1 55. Rf6 Re6 56. Rxe6 Nxe6 57. Kg3 1-0

[Event "Nuremberg Zabo op 18th"]
[Site "Nuremberg"]
[Date "2016.09.17"]
[Round "3"]
[White "Danninger, Hugo Kian"]
[Black "Meyer, Nico"]
[Result "0-1"]
[WhiteElo "1228"]
[BlackElo "1586"]
[PlyCount "78"]
[EventDate "2016.09.16"]
[EventType "swiss"]
[EventRounds "5"]
[EventCountry "GER"]
[SourceTitle "EXT 2018"]
[Source "ChessBase"]
[SourceDate "2017.10.13"]
[SourceVersion "1"]
[SourceVersionDate "2017.10.13"]
[SourceQuality "1"]

1. e4 e5 2. Nf3 Nc6 3. Bc4 Bc5 4. d3 Nf6 5. Nc3 h6 6. Be3 Bb6 7. Qd2 d6 8. d4 Ba5 9. Bd3 Bg4 10. d5 Bxf3 11. dxc6 Nxe4 12. Bxe4 Bxe4 13. cxb7 Bxb7 14. Qe2 Bxc3+ 15. bxc3 0-0 16. Qg4 Qf6 17. f4 exf4 18. 0-0 Qg5 19. Rxf4 Qxg4 20. Rxg4 Kh7 21. Rf1 Ba6 22. Rb1 Rfe8 23. Bd4 g6 24. Rf4 f5 25. Rf2 Re4 26. Rf3 d5 27. h3 c6 28. Kh2 Bb5 29. Rb4 a5 30. Rb2 Rae8 31. Bb6 a4 32. Bf2 Be2 33. Rg3 f4 34. Rb7+ R8e7 35. Rxe7+ Rxe7 36. Bc5 Re6 37. Rd3 Bxd3 38. cxd3 Re2 39. a3 f3 0-1